01494nam a2200253 a 450000100100000000500170001000800410002702000180006804000250008608200150011110000260012624502360015226000380038830000280042650000380045450400320049250502130052470000330073771000930077095201280086395201130099195201190110499900170122300004492120201002045731.0150119s2013 dr a 000 0 spa d a9789945166231 aDO-SdBNPbspacBNPHU axxxxbxxxx1 aCruz, Consuelo95615110aPerfil socioeconómico :bsituación laboral de las mujeres y su autonomía económica en los Municipios Santo Domingo Norte, Santo Domingo Este, San Antonio de Guerra y Dajabón /cConsuelo Cruz ; presentación Nelly Chalas. aSanto Domingo :bCE-MUJER,c2013. a182 p. :bil. ;c179 p. aBajo el apoyo de: Unión Europea aBibliografía : p. 181-1820 aPresentación --tIntroducción --tMunicipio Santo Domingo Este --tMunicipio Santo Domingo Norte --tMunicipio San Antonio de Guerra --tMunicipio Dajabón --tConclusiones y recomendaciones generales --1 aChalas, Nelly,eprest.9257022aCentro Solidaridad Para Desarrollo De La Mujer (CE-MUJER), República Dominicana972934 001054708DSaGRbGRcCTd2015-01-19iLF1l0oxxxx xxxxp44921-30r2020-06-25te. 3w2020-06-25yLFDSZPréstamo en sala 0010718PDaPDbPDcCTd2015-01-19iLF1l0oxxxx xxxxp44921-10r2020-06-25w2020-06-25yLFPDZNo se presta 0010718PDaPDbPDcCTd2015-01-19iLF1l0oxxxx xxxxp44921-20r2020-06-25te. 2w2020-06-25yLFPDZNo se presta c44410d44410